Accounting (Record no. 4683)

MARC details
005 - DATE AND TIME OF LATEST TRANSACTION
control field 20250623144315.0
020 ## - INTERNATIONAL STANDARD BOOK NUMBER
International Standard Book Number 978-9987-694-22-8
100 ## - MAIN ENTRY--PERSONAL NAME
Author name URASSA, O
245 ## - TITLE STATEMENT
Title Accounting
260 ## - PUBLICATION, DISTRIBUTION, ETC.
Place of publication, distribution, etc. Dar es Salaam
Name of publisher, distributor, etc. The Tanzania Institute of Bankers
Date of publication, distribution, etc. 2012
300 ## - PHYSICAL DESCRIPTION
Extent x,358p.: ill;Table
Dimensions 24cm
942 ## - ADDED ENTRY ELEMENTS (KOHA)
Source of classification or shelving scheme Dewey Decimal Classification
Koha item type Books
Holdings
Date last seen Total checkouts Full call number Barcode Cost, replacement price Price effective from Koha item type Lost status Source of classification or shelving scheme Damaged status Not for loan Withdrawn status Home library Current library Shelving location Date acquired Source of acquisition Cost, normal purchase price
06/23/2025   657 OSW MBY000232 90000.00 06/23/2025 Books   Dewey Decimal Classification       CBE MBEYA CBE MBEYA General Collection 06/23/2025 Donation 30000.00
06/23/2025   657 OSW MBY000233 90000.00 06/23/2025 Books   Dewey Decimal Classification       CBE MBEYA CBE MBEYA General Collection 06/23/2025 Donation 30000.00